Mezinárodní ekonomie
Gespeichert in:
| 1. Verfasser: | |
|---|---|
| Format: | Buch |
| Sprache: | Tschechisch |
| Veröffentlicht: |
Plzeň
Vydavatelství a nakladatelství Aleš Čeněk
2012
|
| Ausgabe: | 2. uprav. vyd. |
| Schlagworte: | |
| Tags: |
Keine Tags, Fügen Sie das erste Tag hinzu!
|
MARC
| LEADER | 00000nam$a2200000$$$4500 | ||
|---|---|---|---|
| 001 | 0223850 | ||
| 005 | 20240313090103.6 | ||
| 020 | |a 978-80-7380-392-6 | ||
| 041 | 0 | |a cze | |
| 044 | |a CZ | ||
| 245 | 1 | 0 | |a Mezinárodní ekonomie |c Alexandr Soukup |
| 250 | |a 2. uprav. vyd. | ||
| 264 | 1 | |a Plzeň |b Vydavatelství a nakladatelství Aleš Čeněk |c 2012 | |
| 300 | |a 301 s. | ||
| 610 | 2 | 0 | |a teórie ekonomické |
| 610 | 2 | 0 | |a obchod medzinárodný |
| 610 | 2 | 0 | |a financie medzinárodné |
| 610 | 2 | 0 | |a vzťahy hospodárske medzinárodné |
| 610 | 2 | 0 | |a modely |
| 610 | 2 | 0 | |a politika obchodná |
| 610 | 2 | 0 | |a kurz menový |
| 610 | 2 | 0 | |a politika fiškálna |
| 610 | 2 | 0 | |a politika menová |
| 610 | 2 | 0 | |a systém menový medzinárodný |
| 610 | 2 | 0 | |a trh kapitálový |
| 610 | 2 | 0 | |a pokrok technický |
| 100 | 1 | |a Soukup, Alexandr | |